[Event "EST-ch sf"]
[Site "Tallinn"]
[Date "1999.03.10"]
[Round "5"]
[White "Nesterov, Aleksandar"]
[Black "Lelumees, Brait"]
[Result "1/2-1/2"]
[WhiteElo "2205"]
[BlackElo "2155"]
[PlyCount "43"]
[EventDate "1999.03.06"]
[EventType "swiss"]
[EventRounds "9"]
[EventCountry "EST"]
[SourceTitle "EXT 2001"]
[Source "ChessBase"]
[SourceDate "2000.11.22"]
[SourceVersion "1"]
[SourceVersionDate "2000.11.22"]
[SourceQuality "1"]

1. e4 e6 2. d4 d5 3. Nc3 Bb4 4. e5 c5 5. a3 Bxc3+ 6. bxc3 Ne7 7. f4 Qc7 8. Bd2 Nbc6 9. Nf3 h5 10. Bd3 Nf5 11. Bxf5 exf5 12. 0-0 Be6 13. h4 0-0-0 14. Be3 c4 15. Qb1 Rd7 16. a4 Kb8 17. Bc1 Ka8 18. Ba3 Qa5 19. Qb2 f6 20. Rfb1 Nd8 21. Bb4 Qc7 22. a5 1/2-1/2

[Event "EST-ch sf"]
[Site "Tallinn"]
[Date "1999.03.09"]
[Round "4"]
[White "Kuznetsova, Sofia"]
[Black "Nesterov, Aleksandar"]
[Result "1-0"]
[WhiteElo "2050"]
[BlackElo "2205"]
[PlyCount "111"]
[EventDate "1999.03.06"]
[EventType "swiss"]
[EventRounds "9"]
[EventCountry "EST"]
[SourceTitle "EXT 2001"]
[Source "ChessBase"]
[SourceDate "2000.11.22"]
[SourceVersion "1"]
[SourceVersionDate "2000.11.22"]
[SourceQuality "1"]

1. e4 c5 2. Nf3 g6 3. g3 Bg7 4. Bg2 Nc6 5. 0-0 e6 6. Nc3 Nge7 7. Re1 0-0 8. e5 Nf5 9. d3 f6 10. exf6 Bxf6 11. Ne4 Be7 12. Bg5 d5 13. Bxe7 Qxe7 14. Nc3 Qf6 15. Qe2 Ncd4 16. Nxd4 Nxd4 17. Qd2 Nf3+ 18. Bxf3 Qxf3 19. Qe3 Qxe3 20. fxe3 Bd7 21. Rf1 b5 22. Rxf8+ Rxf8 23. Rf1 Rb8 24. d4 b4 25. Ne2 Bb5 26. Rf2 Bxe2 27. Rxe2 Kf7 28. Kf2 Ke7 29. Kf3 Kd6 30. dxc5+ Kxc5 31. Kf4 Kd6 32. e4 e5+ 33. Kg5 dxe4 34. Rxe4 Kd5 35. Re2 Rb7 36. Kf6 Rb6+ 37. Kg5 Kd4 38. h4 Ra6 39. Kh6 Rxa2 40. b3 a5 41. c3+ bxc3 42. Rxa2 Kd3 43. Rxa5 c2 44. Rc5 Kd2 45. Kg5 e4 46. Kf4 e3 47. Rxc2+ Kxc2 48. Kxe3 Kxb3 49. Kf4 Kc4 50. Kg5 Kd5 51. Kh6 Ke6 52. Kxh7 Kf5 53. Kh6 Kf6 54. g4 g5 55. hxg5+ Kf7 56. Kh7 1-0

[Event "Moscow-ch"]
[Site "Moscow"]
[Date "1999.??.??"]
[Round "7"]
[White "Granovskiy, Alexandr"]
[Black "Nesterov, Aleksandar"]
[Result "1-0"]
[WhiteElo "2302"]
[BlackElo "2205"]
[PlyCount "51"]
[EventDate "1999.??.??"]
[EventType "swiss"]
[EventRounds "9"]
[EventCountry "RUS"]
[SourceTitle "EXT 2001"]
[Source "ChessBase"]
[SourceDate "2000.11.22"]
[SourceVersion "1"]
[SourceVersionDate "2000.11.22"]
[SourceQuality "1"]

1. d4 d6 2. e4 g6 3. c4 Bg7 4. Nc3 c6 5. Be3 e5 6. Be2 Ne7 7. Qd2 0-0 8. 0-0-0 Qa5 9. Nf3 Bg4 10. Bh6 Bxf3 11. Bxf3 f5 12. Bxg7 Kxg7 13. dxe5 dxe5 14. Qd6 Rf7 15. c5 Na6 16. Qxe5+ Kg8 17. Be2 Nxc5 18. Kb1 fxe4 19. Bc4 Nd5 20. Nxd5 cxd5 21. Bxd5 Raf8 22. f3 exf3 23. Rhf1 Qb5 24. Rxf3 a6 25. Rxf7 Rxf7 26. Qf6 1-0

[Event "Moscow-ch"]
[Site "Moscow"]
[Date "1999.??.??"]
[Round "8"]
[White "Oleinikov, Dmitrij"]
[Black "Nesterov, Aleksandar"]
[Result "0-1"]
[WhiteElo "2300"]
[BlackElo "2205"]
[PlyCount "74"]
[EventDate "1999.??.??"]
[EventType "swiss"]
[EventRounds "9"]
[EventCountry "RUS"]
[SourceTitle "EXT 2001"]
[Source "ChessBase"]
[SourceDate "2000.11.22"]
[SourceVersion "1"]
[SourceVersionDate "2000.11.22"]
[SourceQuality "1"]

1. e4 c5 2. Nf3 e6 3. d4 cxd4 4. Nxd4 a6 5. g3 Qc7 6. Bg2 Nc6 7. Be3 Nf6 8. 0-0 e5 9. Nb3 d6 10. Nc3 Be7 11. a4 Be6 12. Nd5 Bxd5 13. exd5 Na5 14. Nxa5 Qxa5 15. Qd3 0-0 16. h3 Nd7 17. c4 f5 18. f4 e4 19. Qa3 Qc7 20. Rfc1 a5 21. Kh2 Nc5 22. Bf1 Bf6 23. Rab1 Rfc8 24. b3 g6 25. Be2 Qg7 26. Rd1 h5 27. g4 hxg4 28. hxg4 g5 29. gxf5 Qh6+ 30. Kg2 gxf4 31. Rh1 f3+ 32. Bxf3 Qxe3 33. Bh5 Rc7 34. Rh3 Rg7+ 35. Bg6 Qe2+ 36. Kh1 Be5 37. Rg1 Nd3 0-1

[Event "Moscow1"]
[Site "Moscow"]
[Date "1995.??.??"]
[Round "?"]
[White "Komliakov, Viktor"]
[Black "Nesterov, Aleksandar"]
[Result "1/2-1/2"]
[WhiteElo "2535"]
[BlackElo "2205"]
[PlyCount "102"]
[EventDate "1995.01.??"]
[EventType "tourn"]
[EventRounds "9"]
[EventCountry "RUS"]
[EventCategory "9"]
[SourceTitle "CBM 046 Extra"]
[Source "ChessBase"]
[SourceDate "1995.07.01"]
[SourceVersion "1"]
[SourceVersionDate "1995.07.01"]
[SourceQuality "1"]

1. e4 c5 2. Nf3 g6 3. d4 cxd4 4. Qxd4 Nf6 5. Bb5 Nc6 6. Bxc6 dxc6 7. Qxd8+ Kxd8 8. Nc3 Nd7 9. Bf4 f6 10. 0-0-0 e5 11. Be3 Kc7 12. Nd2 b6 13. f4 Ba6 14. f5 Rg8 15. g4 Bb4 16. Rdg1 Nc5 17. Ndb1 Nb7 18. Rg3 Be7 19. Rhg1 Nd6 20. b3 Bb7 21. a4 c5 22. Nd2 Bc6 23. h4 Raf8 24. fxg6 hxg6 25. h5 Kd7 26. Rh3 Ke6 27. h6 g5 28. h7 Rh8 29. Rgh1 Rf7 30. R1h2 Rg7 31. Kd1 Be8 32. Nc4 Bg6 33. Nxd6 Bxd6 34. Rh6 Bf8 35. Rd2 Rgxh7 36. Rxh7 Rxh7 37. Rd8 Bd6 38. Ke2 Rh2+ 39. Kd3 Rg2 40. Rg8 Bf7 41. Rd8 Bg6 42. Rg8 Kf7 43. Ra8 a5 44. Ra7+ Ke6 45. Rb7 Rxg4 46. Rxb6 Kd7 47. Rb7+ Ke6 48. Rb6 Kd7 49. Rb7+ Kc6 50. Rg7 Bh5 51. Nb5 Rg2 1/2-1/2

[Event "Moscow1"]
[Site "Moscow"]
[Date "1995.??.??"]
[Round "?"]
[White "Nesterov, Aleksandar"]
[Black "Dokutchaev, Aleksander"]
[Result "1/2-1/2"]
[WhiteElo "2205"]
[BlackElo "2395"]
[PlyCount "38"]
[EventDate "1995.01.??"]
[EventType "tourn"]
[EventRounds "9"]
[EventCountry "RUS"]
[EventCategory "9"]
[SourceTitle "CBM 046 Extra"]
[Source "ChessBase"]
[SourceDate "1995.07.01"]
[SourceVersion "1"]
[SourceVersionDate "1995.07.01"]
[SourceQuality "1"]

1. Nf3 d5 2. c4 dxc4 3. Na3 Be6 4. e3 Nf6 5. Nxc4 Nbd7 6. b4 Bd5 7. Bb2 e6 8. a3 a6 9. d4 Bd6 10. Be2 b5 11. Nce5 Bxe5 12. dxe5 Ne4 13. 0-0 c5 14. Ne1 c4 15. f3 c3 16. Bc1 Nd2 17. Bxd2 cxd2 18. Nd3 Bc4 19. Qxd2 Nxe5 1/2-1/2

[Event "Moscow1"]
[Site "Moscow"]
[Date "1995.??.??"]
[Round "?"]
[White "Nesterov, Aleksandar"]
[Black "Guliev, Sarhan"]
[Result "1-0"]
[WhiteElo "2205"]
[BlackElo "2470"]
[PlyCount "95"]
[EventDate "1995.01.??"]
[EventType "tourn"]
[EventRounds "9"]
[EventCountry "RUS"]
[EventCategory "9"]
[SourceTitle "CBM 046 Extra"]
[Source "ChessBase"]
[SourceDate "1995.07.01"]
[SourceVersion "1"]
[SourceVersionDate "1995.07.01"]
[SourceQuality "1"]

1. Nf3 d5 2. c4 c6 3. d4 Nf6 4. Nc3 e6 5. Bg5 h6 6. Bxf6 Qxf6 7. Qb3 a5 8. e4 a4 9. Qc2 dxe4 10. Nxe4 Bb4+ 11. Kd1 Qd8 12. c5 0-0 13. a3 Ba5 14. Qxa4 Na6 15. Nd6 Bc7 16. Nxc8 Qxc8 17. Bxa6 Rxa6 18. Qc2 e5 19. Ke2 Re8 20. Rhe1 e4 21. Nd2 e3 22. Nf3 Qb8 23. g3 Qc8 24. fxe3 Qh3 25. Rf1 Raa8 26. Rae1 Re6 27. e4 Ba5 28. b4 Bc7 29. a4 g5 30. Rf2 Rd8 31. Qd3 f5 32. Kd2 f4 33. gxf4 Bxf4+ 34. Kc2 Re7 35. e5 Qe6 36. Qb3 Rd5 37. Re4 Kh8 38. Kb2 Qf5 39. Qc2 Qd7 40. Nh4 Re6 41. Rexf4 gxf4 42. Ng6+ Rxg6 43. Qxg6 Rxd4 44. Qxh6+ Qh7 45. Qf6+ Qg7 46. Rg2 Rxb4+ 47. Kc3 Qxf6 48. exf6 1-0

[Event "Moscow op2"]
[Site "Moscow"]
[Date "1995.??.??"]
[Round "3"]
[White "Radomsky, Viacheslav G"]
[Black "Nesterov, Aleksandar"]
[Result "0-1"]
[WhiteElo "2245"]
[BlackElo "2205"]
[PlyCount "71"]
[EventDate "1995.11.??"]
[EventType "swiss"]
[EventRounds "9"]
[EventCountry "RUS"]
[SourceTitle "EXT 1998"]
[Source "ChessBase"]
[SourceDate "1997.11.17"]
[SourceVersion "1"]
[SourceVersionDate "1997.11.17"]
[SourceQuality "1"]

1. f4 g6 2. Nf3 Bg7 3. g3 d6 4. Bg2 c6 5. 0-0 Bg4 6. h3 Bxf3 7. Rxf3 Nf6 8. d3 0-0 9. e4 Nbd7 10. Nc3 a5 11. Kh2 e5 12. f5 Nh5 13. Be3 h6 14. fxg6 fxg6 15. Qd2 Kh7 16. Raf1 Qe7 17. Ne2 Rxf3 18. Bxf3 Nhf6 19. g4 d5 20. g5 d4 21. gxf6 dxe3 22. Qxa5 Qe8 23. f7 Qc8 24. Qc3 h5 25. a3 Nf6 26. Qb3 Qd7 27. Bg2 Qe7 28. Qb4 Qxf7 29. Qc5 Rf8 30. Qxe3 Qe7 31. c3 Bh6 32. Qg3 Qd6 33. d4 Re8 34. dxe5 Rxe5 35. Nd4 h4 36. Qd3 0-1